Giáo trình cơ sở đại số hiện đại

Salvato in:
Dettagli Bibliografici
Autore principale: Nguyễn Xuân Tuyến
Natura: Libro
Lingua:Undetermined
Pubblicazione: H. Giáo Dục 2001
Soggetti:
Tags: Aggiungi Tag
Nessun Tag, puoi essere il primo ad aggiungerne! !
Thư viện lưu trữ: Trung tâm Học liệu Trường Đại học Cần Thơ
LEADER 00537nam a2200181Ia 4500
001 CTU_52036
008 210402s9999 xx 000 0 und d
020 |b 8700 
082 |a 512 
082 |b T527 
100 |a Nguyễn Xuân Tuyến 
245 0 |a Giáo trình cơ sở đại số hiện đại 
245 0 |c Nguyễn Xuân Tuyến và Lê Văn Thuyết 
260 |a H. 
260 |b Giáo Dục 
260 |c 2001 
650 |a algebra, abstract 
980 |a Trung tâm Học liệu Trường Đại học Cần Thơ